Ciencias sociales 1 /

Guardado en:
Autor Principal: Carabello, Carlos
Formato: Libro
Publicado: Buenos Aires : Tinta Fresca, 2012
Materias:
Etiquetas: Agregar Etiqueta
Sin Etiquetas, Sea el primero en etiquetar este registro!
LEADER 00889nam a22001815a 4500
001 CEM.cems013984
008 130507s2012##################000#0#####d
005 20220929200618.0
245 1 0 |a Ciencias sociales 1 /  |c Carlos Carabelli. 
260 |a Buenos Aires :  |b Tinta Fresca,  |c 2012 
300 |a 240 p. 
505 0 |a El planeta tierra -- La representación del espacio geográfico -- La biosfera -- La población y trabajo -- La organización socioeconómica del territorio -- Los primeros humanos -- Las primeras civilizaciones - -- La antigua Grecia -- Surgimiento, auge y caída de Roma -- La Alta Edad Media -- La Baja Edad Media 
020 |a 9789875765580 
100 1 |a Carabello, Carlos 
082 0 4 |a 302 
653 |a Ciencias sociales-enseñanza secundaria 
859 |a CEMS  |b BIB. CEMS - 11 de abril  |h 302  |i C175  |p 26676.13  |t 1  |v 1  |3 1 
859 |a CEMS  |b BIB. CEMS - 11 de abril  |h 302  |i C175  |p 28352.19  |t 2  |3 1